US Highest points - Statistics

General Stats
  • This quiz has been taken 13 times
  • The average score is 7 of 55
Answer Stats
Hint Answer % Correct
Oregon Mount Hood
63%
Alaska Denali/Mckinley
63%
Hawaii Mauna Kea
50%
Washington Mount Rainier
50%
California Whitney Sierra Nevada
50%
North Carolina Mitchell applachian
38%
Maryland Backbone
25%
Georgia Brasstown bald
25%
Montana Granite peak
25%
New York Marcy adirondock
25%
New Hampshire Mount Washington
25%
Kentucky Black Mountain
13%
Nevada Boundary Peak
13%
Illinois Charles Mound
13%
Virgin Islands Crown Mountain on St Thomas island
13%
Colorado Elbert Rocky Mtn NP
13%
Connecticut Frissel
13%
Wyoming Gannett Peak
13%
Arizona Humphreys peak
13%
Utah Kings Peak
13%
South Dakota Black elk peak
13%
Pennsylvania Mount Davis
13%
Idaho Borah peak
13%
Florida Britton hill
13%
Kansas Sunflower
13%
Texas Guadalupe Peak
13%
Massachusetts Mount Greylock
13%
Virginia Mount Rogers
13%
West Virginia Spruce Knob
13%
Delaware Azimuth
0%
Michigan Arvon
0%
Oklahoma Black Mesa
0%
Ohio Campbell Hill
0%
Puerto Rico Cerro da Punta
0%
Minnesota Eagle Peak
0%
New Jersey high point
0%
Rhode Island Jerimoth Hill
0%
Tennessee Kuwohi/clingsman dome
0%
Guam Lamlam
0%
American Samoa Lata
0%
Northern Marianas Mount Agrihan
0%
Vermont Mount Mansfield
0%
District of Columbia Point Reno
0%
Missouri Taum Sauk
0%
Wisconsin Timms Hill
0%
New Mexico Whealer peak
0%
North Dakota White Butte
0%
Mississippi Woodall
0%
Alabama Cheaha
0%
Iowa Hawkeye
0%
Indiana Hoosier
0%
Maine- Katadin
0%
Arkansas Magazine
0%
Nebraska Panaroma Point
0%
South Carolina Sassafras Mountain
0%
No matching quizzes found
Score Distribution
Percent of People with Each Score
Percentile by Number Answered
Your Score History
You have not taken this quiz